000 00900nmm a2200301 a 4500
001 ocm000610312
003 TR-IsHL
005 20201028131251.0
008 131010s2011 tu tur
007 cr cn
020 _a9786054392513
035 _a610312
_b(N$T)
050 0 4 _aLB1576
_b.S24 2011
090 0 4 _aLB1576
_b.S24 2011
100 1 _aŞahin, Yusuf
245 1 0 _aOkuma eğitimi
_h[electronic resource] /
_cYusuf Şahin
250 _a1.bs.
260 _aKonya :
_bEğitim Akademi Yayınevi,
_c2011
300 _a160 p.
650 4 _aEğitim
650 4 _aEducation
650 0 _aOkuma becerileri
650 0 _aReading skills
650 0 _aOkuma alışkanlığı
650 0 _aThe habit of reading
650 7 _aLANGUAGE ARTS & DISCIPLINES / Reading Skills
_2bisacsh
856 4 0 _uhttp://search.ebscohost.com/login.aspx?direct=true&scope=site&db=e011xww&AN=610312
999 _c4471
_d4471